The combat edge

Air Combat Command's (ACC's) mishap prevention magazine, written by and for ACC people, is dedicated to providing command personnel with flight, weapons and ground safety information.

Bibliographic Details
Corporate Author: United States. Air Force. Air Combat Command
Format: Government Document Electronic Journal
Language:English
Published: Langley Air Force Base, VA : U.S. Air Force, Air Combat Command
Series:ACC SP.
Subjects:
Online Access:Full text available from Research Library: 01/01/1998 to present

MARC

LEADER 00000nas a2200000 a 4500
001 ssj0007609
003 WaSeSS
005 20200512172242.0
006 m d
007 cr n
008 991111c19929999vauqr pss f0 0eng c
010 |a  2002230292 
022 |y 1063-8970 
035 |a (WaSeSS)ssj0007609 
040 |a AAA  |b eng  |c AAA  |d OCLCQ  |d GPO  |d OCLCQ  |d IUL  |d OCLCQ  |d GPO  |d NSD  |d GPO  |d OCLCQ  |d GPO  |d OCLCQ  |d GPO  |d OCLCA  |d OCLCQ  |d OCLCO  |d WT2  |d OCLCA  |d OCLCF  |d OCLCQ  |d OCLCO  |d WYU  |d OCLCO  |d OCLCE  |d VT2  |d OCLCQ  |d OCLCO  |d WaSeSS 
042 |a pcc 
043 |a n-us--- 
050 4 |a HV676.A1  |b C63 
074 |a 0422-T (online) 
086 0 |a D 301.44/2: 
130 0 |a Combat edge (Online) 
245 1 4 |a The combat edge  |h [electronic resource]. 
246 1 |i Issues for <v. 19 (2010)-> include additional section, titled:  |a Over the edge 
260 |a Langley Air Force Base, VA :  |b U.S. Air Force, Air Combat Command 
310 |a Quarterly, <Vol. 19, issue 5 (winter 2011)-> 
321 |a Monthly,  |b Jan. 1998-<Dec. 2006> 
321 |a Bimonthly, <July/Aug. 2010>-v. 19, issue 4 (2010) 
362 1 |a Print began with vol. 1, issue 1 (June 1992). 
490 1 |a <Jan. 2000->: ACC SP 
506 |a License restrictions may limit access. 
520 |a Air Combat Command's (ACC's) mishap prevention magazine, written by and for ACC people, is dedicated to providing command personnel with flight, weapons and ground safety information. 
588 0 |a Jan. 1998; title from title screen (viewed July 29, 2010). 
588 1 |a Vol. 21, issue 5 (2013) (viewed on May 21, 2013). 
610 1 0 |a United States.  |b Air Force  |x Safety measures  |v Periodicals. 
610 1 7 |a United States.  |b Air Force.  |2 fast  |0 (OCoLC)fst00538280 
650 0 |a Aircraft accidents  |z United States  |x Prevention  |v Periodicals. 
650 0 |a Airmen  |z United States  |x Safety measures  |v Periodicals. 
650 0 |a Airplanes, Military  |x Safety measures  |v Periodicals. 
650 0 |a Aeronautics, Military  |z United States  |x Safety measures  |v Periodicals. 
650 7 |a Aeronautics, Military  |x Safety measures.  |2 fast  |0 (OCoLC)fst00798567 
650 7 |a Aircraft accidents  |x Prevention.  |2 fast  |0 (OCoLC)fst00802788 
650 7 |a Airplanes, Military  |x Safety measures.  |2 fast  |0 (OCoLC)fst00803661 
650 7 |a Armed Forces  |x Safety measures.  |2 fast  |0 (OCoLC)fst01351889 
651 7 |a United States.  |2 fast  |0 (OCoLC)fst01204155 
655 0 |a Electronic journals. 
710 1 |a United States.  |b Air Force.  |b Air Combat Command. 
776 0 8 |i Print version:  |t Combat edge  |x 1063-8970  |w (DLC)sn 92005625  |w (OCoLC)26180148 
830 0 |a ACC SP. 
856 4 0 |z Full text available from Research Library: 01/01/1998 to present  |u https://search.proquest.com/publication/33916